Bournvita quiz contest: quiz book / (Record no. 168190)

MARC details
000 -LEADER
fixed length control field 00657nam a22001817a 4500
010 ## - LCCN (DPL NO)
LC control number B-730454
020 ## - INTERNATIONAL STANDARD BOOK NUMBER
International Standard Book Number 9788129145314
Terms of availability 195.00
035 ## - SYSTEM CONTROL NUMBER
System control number B-730453
037 ## - SOURCE OF ACQUISITION
Stock number dpl
Source of stock number/acquisition Rupa Publication
082 ## - DEWEY DECIMAL CLASSIFICATION NUMBER
Classification number 793.73
100 ## - MAIN ENTRY--PERSONAL NAME
Personal name Obrien, Derek
245 ## - TITLE STATEMENT
Title Bournvita quiz contest: quiz book /
Statement of responsibility, etc by Derek O’Brien
260 ## - PUBLICATION, DISTRIBUTION, ETC. (IMPRINT)
Place of publication, distribution, etc New Delhi
Name of publisher, distributor, etc Rupa Publications
Date of publication, distribution, etc 2018
270 ## - ADDRESS
Address 4379/4B, Prakash House, Ansari Road,
City New Delhi
Postal code 110002
300 ## - PHYSICAL DESCRIPTION
Extent 120p.
Dimensions 20cm(pbk)
942 ## - ADDED ENTRY ELEMENTS (KOHA)
Source of classification or shelving scheme Dewey Decimal Classification
Item type Children Books
Call number suffix OBR
Classification part 793.73
Holdings
Withdrawn status Lost status Not for loan Collection code Home library Current library Date acquired Source of acquisition Cost, normal purchase price Full call number Barcode Copy number Cost, replacement price Koha item type
      Non-fiction Sarojini Nagar Sarojini Nagar 27/09/2019 Gift/ Eng /26.09.2019 195.00 793.73 OBR B-730454 1 195.00 Children Books

© Delhi Public Library
Hit Counter
free hit counter